[Event "COL-ch U12 Girls"]
[Site "Bogota"]
[Date "2014.05.30"]
[Round "2"]
[White "Rodriguez Patino, Isabela"]
[Black "Plata Sanchez, Cherly Jhoana"]
[Result "1-0"]
[WhiteElo "1225"]
[BlackElo "1467"]
[PlyCount "38"]
[EventDate "2014.05.29"]
[EventType "swiss"]
[EventRounds "7"]
[EventCountry "COL"]
[SourceTitle "CBM 160 Extra"]
[Source "ChessBase"]
[SourceDate "2014.07.01"]
[SourceVersion "1"]
[SourceVersionDate "2014.07.01"]
[SourceQuality "1"]

1. e4 c5 2. Nf3 e6 3. d4 cxd4 4. Qxd4 Nf6 5. Nc3 a6 6. Bd3 Qc7 7. e5 Bc5 8. Qh4 Bb4 9. Bd2 Ng8 10. 0-0 h6 11. Rad1 Be7 12. Qe4 Ra7 13. Nd4 f6 14. Ndb5 axb5 15. Nxb5 Qb6 16. Be3 Bc5 17. Nxa7 Qxa7 18. Qc4 b6 19. b4 Ba6 1-0

[Event "Central Region-ch U12 Girls"]
[Site "Manizales"]
[Date "2014.05.17"]
[Round "4.1"]
[White "Plata Sanchez, Cherly Jhoana"]
[Black "Riveros, Maria Fernanda"]
[Result "1-0"]
[WhiteElo "1467"]
[BlackElo "1528"]
[PlyCount "33"]
[EventDate "2014.05.15"]
[EventType "tourn"]
[EventRounds "6"]
[EventCountry "COL"]
[SourceTitle "EXT 2024"]
[Source "ChessBase"]
[SourceDate "2023.10.10"]
[SourceVersion "1"]
[SourceVersionDate "2023.10.10"]
[SourceQuality "1"]

1. e4 c5 2. Bc4 d6 3. Nf3 Nf6 4. d3 g6 5. Nbd2 Bg7 6. Nf1 e6 7. Ng3 0-0 8. 0-0 b6 9. d4 cxd4 10. Nxd4 Bb7 11. c3 Nd5 12. Re1 Nd7 13. Nf3 Re8 14. Bg5 N7f6 15. Bb5 Rf8 16. c4 Nd7 17. Nd4 1-0